| 000 | 00700nam a22002177a 4500 | ||
|---|---|---|---|
| 005 | 20150707163644.0 | ||
| 008 | 140714b xxu||||| |||| 00| 0 Urdu d | ||
| 010 | _aUR-9171 | ||
| 020 |
_c93.00 _a9788192052540 |
||
| 035 | _aU-7726 | ||
| 037 | _bBPPD/Pub/Ven | ||
| 040 |
_aDPL _bUrdu |
||
| 082 | _a270 | ||
| 100 | _aا يم عظيم اللہ | ||
| 245 |
_aخلا فت ا سلا ميا ن _cا يم عظيم اللہ |
||
| 246 | h |
_aKhilafat-e-Islamia _bBy M.Azimullah |
|
| 260 |
_bCentury Publications _c2013 _aPatna |
||
| 270 |
_aTarni Parsad Lane,Ghasiari Gali Patna City, _bPatna _k0612-2660806 _e800008 |
||
| 300 |
_a176ص _c22Cm (Hb) |
||
| 942 |
_2ddc _cUR _e _h270 _mا ے م |
||
| 999 |
_c94718 _d94718 |
||